[Event "CE Selecciones Autonómicas U14"]
[Site "Padrón"]
[Date "2017.06.22"]
[Round "2.1"]
[White "Cespedes Llaverias, Llibert"]
[Black "Prado Lobo, Jonas"]
[Result "0-1"]
[WhiteElo "2004"]
[BlackElo "2041"]
[PlyCount "70"]
[EventDate "2017.06.22"]
[EventType ""]
[EventRounds "6"]
[EventCountry "ESP"]
[WhiteTeam "Catalunya (U14)"]
[BlackTeam "Asturias (U14)"]
[WhiteTeamCountry "ESP"]
[BlackTeamCountry "ESP"]

1. e4 e6 2. d4 d5 3. Nc3 Nf6 4. e5 Nfd7 5. Nce2 c5 6. c3 f6 7. Nf4 Qe7 8. exf6
Nxf6 9. Nf3 Nc6 10. a3 e5 11. dxe5 Nxe5 12. Nxe5 Qxe5+ 13. Qe2 Bd6 14. Qxe5+
Bxe5 15. Bd3 b6 16. Bb5+ Bd7 17. a4 O-O-O 18. O-O Rhe8 19. Nd3 Bc7 20. Ba6+ Kb8
21. a5 Bc6 22. axb6 axb6 23. b4 c4 24. Nb2 Ng4 25. Bg5 Rd7 26. h3 Nf6 27. Be3
b5 28. Ra3 Be5 29. Rfa1 d4 30. cxd4 Bxd4 31. Bf4+ Be5 32. Bxe5+ Rxe5 33. Ra5 c3
34. Nd1 Re1+ 35. Kh2 Rexd1 0-1

[Event "CE Selecciones Autonómicas U14"]
[Site "Padrón"]
[Date "2017.06.22"]
[Round "2.2"]
[White "Badillo Ramos, Steve"]
[Black "Ros Alonso, Joana"]
[Result "0-1"]
[WhiteElo "1802"]
[BlackElo "1961"]
[PlyCount "52"]
[EventDate "2017.06.22"]
[EventType ""]
[EventRounds "6"]
[EventCountry "ESP"]
[WhiteTeam "Asturias (U14)"]
[BlackTeam "Catalunya (U14)"]
[WhiteTeamCountry "ESP"]
[BlackTeamCountry "ESP"]

1. e4 e6 2. d4 d5 3. Nd2 Nf6 4. e5 Nfd7 5. Bd3 c5 6. c3 Nc6 7. Ne2 cxd4 8. cxd4
f6 9. exf6 Nxf6 10. Nf3 Bd6 11. Bf4 O-O 12. O-O Bxf4 13. Nxf4 Ne4 14. Ne2 Ng5
15. Ne5 Nf7 16. Nxc6 bxc6 17. Qc2 Qh4 18. Qxc6 Rb8 19. b3 Rb6 20. Qa4 e5 21.
dxe5 Qxa4 22. bxa4 Nxe5 23. Bc2 Ba6 24. Bb3 Bxe2 25. Rfe1 Nf3+ 26. gxf3 Rg6+
0-1

[Event "CE Selecciones Autonómicas U14"]
[Site "Padrón"]
[Date "2017.06.22"]
[Round "2.3"]
[White "Riu Lopez, Sergio"]
[Black "Bermudez Revuelta, Paula"]
[Result "1/2-1/2"]
[WhiteElo "1941"]
[BlackElo "1712"]
[PlyCount "51"]
[EventDate "2017.06.22"]
[EventType ""]
[EventRounds "6"]
[EventCountry "ESP"]
[WhiteTeam "Catalunya (U14)"]
[BlackTeam "Asturias (U14)"]
[WhiteTeamCountry "ESP"]
[BlackTeamCountry "ESP"]

1. e4 c5 2. c3 Nf6 3. e5 Nd5 4. d4 cxd4 5. cxd4 d6 6. Nf3 Nc6 7. Bc4 dxe5 8.
Nxe5 e6 9. O-O Be7 10. Qf3 O-O 11. Rd1 Bf6 12. Nxc6 bxc6 13. Nc3 Nxc3 14. bxc3
Bb7 15. Rb1 Qe7 16. Bd3 Rfe8 17. Be4 Rac8 18. Rd2 Ba8 19. Rdb2 e5 20. Re2 Qd6
21. Qd3 g6 22. Be3 Rcd8 23. Rd2 Qe6 24. Re2 Qd6 25. Rd2 Qe6 26. Re2 1/2-1/2

[Event "CE Selecciones Autonómicas U14"]
[Site "Padrón"]
[Date "2017.06.22"]
[Round "2.4"]
[White "Garcia Fernandez, Alejandra"]
[Black "Povill Claros, Laura"]
[Result "0-1"]
[WhiteElo "1256"]
[BlackElo "1788"]
[PlyCount "44"]
[EventDate "2017.06.22"]
[EventType ""]
[EventRounds "6"]
[EventCountry "ESP"]
[WhiteTeam "Asturias (U14)"]
[BlackTeam "Catalunya (U14)"]
[WhiteTeamCountry "ESP"]
[BlackTeamCountry "ESP"]

1. e4 c5 2. Nf3 Nc6 3. d4 cxd4 4. Nxd4 Nf6 5. Nc3 g6 6. Be3 Bg7 7. Bc4 Qa5 8.
O-O O-O 9. Qd2 Ng4 10. Nxc6 bxc6 11. h3 Nxe3 12. Qxe3 Bb7 13. Rad1 Rad8 14. Rd2
Qb6 15. Qe2 d6 16. Rfd1 Rb8 17. e5 Bxe5 18. Qg4 Ba6 19. Bb3 d5 20. h4 Qb4 21.
Qg5 Bf4 22. Qg4 Bh2+ 0-1

[Event "CE Selecciones Autonómicas U14"]
[Site "Padrón"]
[Date "2017.06.22"]
[Round "2.1"]
[White "Gomila Benejam, Doro"]
[Black "Tabuenca Mendataurigoitia, Pedro"]
[Result "1-0"]
[WhiteElo "1664"]
[BlackElo "1451"]
[PlyCount "79"]
[EventDate "2017.06.22"]
[EventType ""]
[EventRounds "6"]
[EventCountry "ESP"]
[WhiteTeam "Baleares (U14)"]
[BlackTeam "Cantabria (U14)"]
[WhiteTeamCountry "ESP"]
[BlackTeamCountry "ESP"]

1. e4 c5 2. Nf3 e6 3. d3 Qc7 4. g3 Nc6 5. Bg2 Nf6 6. O-O Be7 7. Re1 d6 8. c3 b5
9. d4 cxd4 10. cxd4 Bb7 11. Bf4 O-O 12. Qe2 a6 13. a3 Rac8 14. Nc3 Rfd8 15.
Rac1 Qb6 16. d5 Nd4 17. Nxd4 Qxd4 18. dxe6 fxe6 19. e5 Bxg2 20. exf6 Qxf6 21.
Kxg2 e5 22. Nd5 Qf7 23. Qe4 Bf8 24. Bg5 Re8 25. Bd2 g6 26. Bb4 Red8 27. Ba5 Re8
28. Bd2 Bg7 29. Bb4 Bf8 30. b3 Red8 31. Rxc8 Rxc8 32. Re3 Rd8 33. Rf3 Qa7 34.
Nf6+ Kh8 35. Qd5 Qg7 36. Ne4 Rd7 37. Ng5 h6 38. Ne6 Qe7 39. Nxf8 Ra7 40. Nxg6+
1-0

[Event "CE Selecciones Autonómicas U14"]
[Site "Padrón"]
[Date "2017.06.22"]
[Round "2.2"]
[White "Abian Lopez, Marta"]
[Black "Ponseti Lluch, Joan"]
[Result "0-1"]
[WhiteElo "1169"]
[BlackElo "1595"]
[PlyCount "84"]
[EventDate "2017.06.22"]
[EventType ""]
[EventRounds "6"]
[EventCountry "ESP"]
[WhiteTeam "Cantabria (U14)"]
[BlackTeam "Baleares (U14)"]
[WhiteTeamCountry "ESP"]
[BlackTeamCountry "ESP"]

1. e4 c5 2. Nc3 Nc6 3. g3 g6 4. Bg2 Bg7 5. d3 d6 6. f4 e6 7. Nf3 Nge7 8. O-O
O-O 9. Bd2 Rb8 10. h3 Bd7 11. g4 f5 12. Ne2 Bxb2 13. Rb1 Bg7 14. Ng3 d5 15. e5
b6 16. c3 Bh6 17. g5 Bg7 18. d4 c4 19. Bc1 Nc8 20. Ba3 Re8 21. h4 Bf8 22. Bxf8
Rxf8 23. h5 N8e7 24. Kf2 b5 25. a3 a5 26. Rh1 b4 27. axb4 axb4 28. cxb4 Rxb4
29. Rxb4 Nxb4 30. Ne2 Nd3+ 31. Ke3 Be8 32. Nc3 gxh5 33. Ne1 Qa5 34. Qc2 Nxe1
35. Rxe1 Ng6 36. Bf3 h4 37. Rh1 Qa3 38. Bh5 Nxe5 39. Bxe8 Ng4+ 40. Kf3 Rxe8 41.
Rxh4 Rb8 42. Ke2 Rb2 0-1

[Event "CE Selecciones Autonómicas U14"]
[Site "Padrón"]
[Date "2017.06.22"]
[Round "2.1"]
[White "Perez Guerra, Raul"]
[Black "Pedchenko, Alex"]
[Result "0-1"]
[WhiteElo "1951"]
[BlackElo "1734"]
[PlyCount "74"]
[EventDate "2017.06.22"]
[EventType ""]
[EventRounds "6"]
[EventCountry "ESP"]
[WhiteTeam "Canarias (U14)"]
[BlackTeam "Navarra (U14)"]
[WhiteTeamCountry "ESP"]
[BlackTeamCountry "ESP"]

1. e4 c5 2. Nc3 Nc6 3. g3 g6 4. Bg2 d6 5. d3 Bg7 6. Be3 e6 7. Qd2 Nge7 8. Bh6
O-O 9. h4 Bxh6 10. Qxh6 f6 11. Nge2 Ne5 12. Qd2 Rb8 13. O-O h5 14. Nd1 b5 15.
Ne3 Kg7 16. Rad1 d5 17. exd5 Nxd5 18. Nxd5 exd5 19. Nf4 d4 20. b4 cxb4 21. Qxb4
a5 22. Qc5 Qb6 23. Qa3 Rf7 24. Nd5 Qd8 25. Qc5 Bg4 26. f3 Be6 27. Nf4 Re7 28.
Rb1 b4 29. Rfe1 Bxa2 30. Ra1 Bf7 31. Qxa5 Qxa5 32. Rxa5 Nxf3+ 33. Bxf3 Rxe1+
34. Kf2 Rc1 35. Ra7 Rxc2+ 36. Ke1 b3 37. Bd1 Rc1 0-1

[Event "CE Selecciones Autonómicas U14"]
[Site "Padrón"]
[Date "2017.06.22"]
[Round "2.2"]
[White "Del Carmen Hernandez, Aimer"]
[Black "Rodriguez Redondo, Adhara"]
[Result "0-1"]
[WhiteElo "1619"]
[BlackElo "1782"]
[PlyCount "58"]
[EventDate "2017.06.22"]
[EventType ""]
[EventRounds "6"]
[EventCountry "ESP"]
[WhiteTeam "Navarra (U14)"]
[BlackTeam "Canarias (U14)"]
[WhiteTeamCountry "ESP"]
[BlackTeamCountry "ESP"]

1. e4 e5 2. Nf3 Nc6 3. Bb5 Bc5 4. Nxe5 Nxe5 5. d4 c6 6. Be2 Bd6 7. dxe5 Bxe5 8.
Na3 Bc7 9. Nc4 Qe7 10. O-O Nf6 11. e5 Nd5 12. Nd6+ Bxd6 13. exd6 Qf6 14. Bf3
O-O 15. Bxd5 cxd5 16. Qxd5 Re8 17. c3 Rb8 18. Bg5 Qe6 19. Qd2 Qg6 20. Rae1 Re6
21. f4 Rxe1 22. Rxe1 h6 23. f5 Qxg5 24. Qd4 b6 25. Re8+ Kh7 26. Qc4 Bb7 27. Re2
Re8 28. h4 Qg3 29. Kf1 Bxg2+ 0-1

[Event "CE Selecciones Autonómicas U14"]
[Site "Padrón"]
[Date "2017.06.22"]
[Round "2.3"]
[White "Shi, Yuhang"]
[Black "Dorregarai Iparaguirre, Leire"]
[Result "0-1"]
[WhiteElo "1730"]
[BlackElo "1522"]
[PlyCount "108"]
[EventDate "2017.06.22"]
[EventType ""]
[EventRounds "6"]
[EventCountry "ESP"]
[WhiteTeam "Canarias (U14)"]
[BlackTeam "Navarra (U14)"]
[WhiteTeamCountry "ESP"]
[BlackTeamCountry "ESP"]

1. d4 g6 2. c4 Bg7 3. Nc3 d6 4. e4 Nd7 5. Be2 Ngf6 6. Nf3 O-O 7. O-O e5 8. d5
Nc5 9. Qc2 h6 10. Ne1 Bg4 11. f3 Bc8 12. b4 Ncd7 13. a3 c6 14. Be3 Qe7 15. Rc1
cxd5 16. cxd5 a6 17. b5 axb5 18. Nxb5 b6 19. Qc6 Ba6 20. Nc7 Bxe2 21. Nxa8 Bxf1
22. Kxf1 Nc5 23. Nxb6 Nb3 24. Rb1 Nd4 25. Qa4 Nh5 26. Qa6 Qh4 27. Kg1 Nf4 28.
Bxf4 Qxf4 29. Qd3 h5 30. Nc4 Bh6 31. Nc2 Nxc2 32. Qxc2 Rc8 33. Rf1 Qh4 34. g3
Qe7 35. Qa4 Qc7 36. Nb2 Qb6+ 37. Rf2 Be3 38. Nd1 Bxf2+ 39. Nxf2 Qb1+ 40. Kg2
Qe1 41. Qb4 Qxb4 42. axb4 Rc4 43. f4 Rxb4 44. Kf3 Rb3+ 45. Ke2 f6 46. Nd3 g5
47. f5 Kg7 48. h3 Kf7 49. g4 h4 50. Kd2 Ke7 51. Ke2 Kd7 52. Ke3 Kc7 53. Ke2 Kb6
54. Nf2 Kc5 0-1

[Event "CE Selecciones Autonómicas U14"]
[Site "Padrón"]
[Date "2017.06.22"]
[Round "2.4"]
[White "Aramendia Ybarra, Carlota"]
[Black "Hernandez Guerra, Luna Yue"]
[Result "1-0"]
[WhiteElo "1455"]
[BlackElo "1535"]
[PlyCount "93"]
[EventDate "2017.06.22"]
[EventType ""]
[EventRounds "6"]
[EventCountry "ESP"]
[WhiteTeam "Navarra (U14)"]
[BlackTeam "Canarias (U14)"]
[WhiteTeamCountry "ESP"]
[BlackTeamCountry "ESP"]

1. e4 e6 2. d3 d5 3. Nd2 c5 4. Ngf3 Nf6 5. g3 Nc6 6. Bg2 Bd6 7. O-O O-O 8. Re1
Bc7 9. c3 d4 10. Qc2 Ne5 11. cxd4 cxd4 12. Nxe5 Bxe5 13. Nf3 Bc7 14. e5 Ne8 15.
b3 f6 16. Bb2 Bb6 17. Qc4 fxe5 18. Rxe5 Nd6 19. Qb4 a5 20. Qd2 Nf7 21. Re2 Qf6
22. Rae1 a4 23. b4 a3 24. Ba1 Re8 25. Ne5 Nd6 26. Be4 Kh8 27. Ng4 Qf8 28. Bg2
Bd7 29. Qg5 Qf5 30. Qxf5 exf5 31. Ne5 Bb5 32. Bd5 g6 33. Bc4 Kg7 34. Bxb5 Nxb5
35. Nd7 Rxe2 36. Rxe2 Ba7 37. Re7+ Kh6 38. Nc5 b6 39. Nb3 Nc3 40. Bxc3 dxc3 41.
Rc7 b5 42. Rxc3 Re8 43. Kf1 Ra8 44. Nc5 Rc8 45. Ke2 g5 46. d4 Kg6 47. Rxa3 1-0

[Event "CE Selecciones Autonómicas U14"]
[Site "Padrón"]
[Date "2017.06.22"]
[Round "2.1"]
[White "Fernandez Garcia, Gumersindo"]
[Black "Reguillaga Elias, Manex"]
[Result "1-0"]
[WhiteElo "1847"]
[BlackElo "1817"]
[PlyCount "97"]
[EventDate "2017.06.22"]
[EventType ""]
[EventRounds "6"]
[EventCountry "ESP"]
[WhiteTeam "Castilla y Leon (U14)"]
[BlackTeam "Euskadi (U14)"]
[WhiteTeamCountry "ESP"]
[BlackTeamCountry "ESP"]

1. d4 e6 2. c4 Nf6 3. Nc3 Bb4 4. Qc2 O-O 5. a3 Bxc3+ 6. Qxc3 d5 7. Bg5 c6 8. e3
Nbd7 9. Bd3 b6 10. Ne2 h6 11. Bh4 Bb7 12. O-O Rc8 13. b3 dxc4 14. bxc4 Ne4 15.
Bxd8 Nxc3 16. Be7 Nxe2+ 17. Bxe2 Rfe8 18. Bh4 c5 19. Rfd1 Ba6 20. Rac1 Nb8 21.
d5 exd5 22. Bg4 Rc6 23. cxd5 Rd6 24. Bg3 Rdd8 25. Bc7 Nd7 26. Bxd8 Rxd8 27.
Bxd7 Rxd7 28. e4 Kf8 29. f4 Ke7 30. Kf2 f6 31. Kf3 Kd6 32. Rc3 Re7 33. Re3 Bc8
34. a4 h5 35. Kf2 g5 36. g3 a6 37. Rb1 Rb7 38. Reb3 Kc7 39. e5 fxe5 40. fxe5
Bd7 41. a5 b5 42. Rf3 Kd8 43. e6 Be8 44. d6 c4 45. Rf8 c3 46. d7 Rxd7 47. exd7
Kxd7 48. Rxe8 Kxe8 49. Rb3 1-0

[Event "CE Selecciones Autonómicas U14"]
[Site "Padrón"]
[Date "2017.06.22"]
[Round "2.2"]
[White "Manterola Ubillos, Josu"]
[Black "Quintana Toribio, Felix"]
[Result "1/2-1/2"]
[WhiteElo "1674"]
[BlackElo "1529"]
[PlyCount "86"]
[EventDate "2017.06.22"]
[EventType ""]
[EventRounds "6"]
[EventCountry "ESP"]
[WhiteTeam "Euskadi (U14)"]
[BlackTeam "Castilla y Leon (U14)"]
[WhiteTeamCountry "ESP"]
[BlackTeamCountry "ESP"]

1. e4 c5 2. c3 d5 3. exd5 Qxd5 4. d4 Nc6 5. Nf3 Bg4 6. Be2 e6 7. O-O Nf6 8. Be3
Be7 9. dxc5 Qxd1 10. Rxd1 Nd5 11. Bd4 Nf4 12. Bb5 f6 13. Be3 Nd5 14. Bd4 Rd8
15. b4 O-O 16. Bxc6 bxc6 17. Na3 e5 18. Re1 Bxf3 19. gxf3 Nxb4 20. Bxe5 Nd3 21.
Bc7 Nxe1 22. Bxd8 Nxf3+ 23. Kg2 Rxd8 24. Kxf3 Rd3+ 25. Kg2 Rxc3 26. Re1 Kf7 27.
Re3 Rxe3 28. fxe3 Bxc5 29. Nc4 Ke6 30. Kf3 Bb4 31. e4 g5 32. Kg4 Kf7 33. Kf5 h6
34. e5 fxe5 35. Nxe5+ Kg7 36. Nxc6 Bc5 37. Nd8 Be3 38. h3 Bb6 39. Nc6 Kf7 40.
Ne5+ Kg7 41. Nc6 Kf7 42. Ne5+ Kg7 43. Nc6 Kf7 1/2-1/2

[Event "CE Selecciones Autonómicas U14"]
[Site "Padrón"]
[Date "2017.06.22"]
[Round "2.3"]
[White "Morejon Ramirez, Laura"]
[Black "Montes Gimenez, Mencia"]
[Result "1-0"]
[WhiteElo "1458"]
[BlackElo "1392"]
[PlyCount "95"]
[EventDate "2017.06.22"]
[EventType ""]
[EventRounds "6"]
[EventCountry "ESP"]
[WhiteTeam "Castilla y Leon (U14)"]
[BlackTeam "Euskadi (U14)"]
[WhiteTeamCountry "ESP"]
[BlackTeamCountry "ESP"]

1. e4 c5 2. Nc3 e6 3. g3 a6 4. Bg2 d6 5. f4 Nd7 6. Nf3 Be7 7. O-O Qc7 8. d3
Ngf6 9. Be3 O-O 10. a3 Rb8 11. Kh1 b6 12. Qe2 Bb7 13. Rae1 Rbd8 14. Bd2 Ne8 15.
b3 Qb8 16. Nd1 Nc7 17. c4 Rfe8 18. Bc3 d5 19. Nf2 d4 20. Bd2 f6 21. Ng4 a5 22.
Rb1 Qc8 23. b4 axb4 24. axb4 Rf8 25. Rfe1 Rfe8 26. Bh3 Bf8 27. Kg1 Be7 28. bxc5
bxc5 29. Ba5 Nb8 30. Qb2 Ba6 31. Bxc7 Qxc7 32. Qb6 Qxb6 33. Rxb6 Bf8 34. Reb1
Kh8 35. Kf1 Kg8 36. Ke2 Kf7 37. Nd2 Kg8 38. Nf2 Kf7 39. Nf3 Rd6 40. Rxd6 Bxd6
41. Nd2 Bc7 42. Nf3 Kg8 43. Nh4 Kf7 44. Nd1 Rc8 45. Nb2 Bd8 46. Na4 Nd7 47. Kf3
Kg8 48. Bxe6+ 1-0

[Event "CE Selecciones Autonómicas U14"]
[Site "Padrón"]
[Date "2017.06.22"]
[Round "2.1"]
[White "Jaramago Ledo, Javier"]
[Black "Aledo Yanguas, David"]
[Result "0-1"]
[WhiteElo "1535"]
[BlackElo "2015"]
[PlyCount "88"]
[EventDate "2017.06.22"]
[EventType ""]
[EventRounds "6"]
[EventCountry "ESP"]
[WhiteTeam "Extremadura (U14)"]
[BlackTeam "Valencia (U14)"]
[WhiteTeamCountry "ESP"]
[BlackTeamCountry "ESP"]

1. d4 Nf6 2. Bg5 e6 3. Nf3 d5 4. e3 c5 5. c3 Nc6 6. Nbd2 cxd4 7. exd4 h6 8. Bf4
Bd6 9. Bxd6 Qxd6 10. Bd3 Bd7 11. Qe2 O-O 12. O-O Nh5 13. Bc2 f5 14. Ne5 Nf6 15.
Ndf3 g5 16. Rfe1 Rae8 17. Nxc6 Bxc6 18. Ne5 Nd7 19. Qh5 Nxe5 20. dxe5 Qe7 21.
Qxh6 Rf7 22. Qh3 Rh7 23. Qg3 Kf7 24. Rad1 Reh8 25. f4 g4 26. b4 Rxh2 27. Kf2
R8h3 28. Rh1 Rxg3 29. Rxh2 Rxc3 30. Rh7+ Kf8 31. Rxe7 Rxc2+ 32. Kg3 Kxe7 33.
Ra1 d4 34. a4 Rxg2+ 35. Kh4 d3 36. b5 Bf3 37. a5 d2 38. b6 axb6 39. a6 bxa6 40.
Rb1 d1=Q 41. Rxb6 Rh2+ 42. Kg5 Qd8 43. Rb7+ Bxb7 44. Kg6 Qg8# 0-1

[Event "CE Selecciones Autonómicas U14"]
[Site "Padrón"]
[Date "2017.06.22"]
[Round "2.2"]
[White "Garcia Gimenez, Santiago"]
[Black "Gonzalez Munoz, Angel"]
[Result "1-0"]
[WhiteElo "1901"]
[BlackElo "1408"]
[PlyCount "49"]
[EventDate "2017.06.22"]
[EventType ""]
[EventRounds "6"]
[EventCountry "ESP"]
[WhiteTeam "Valencia (U14)"]
[BlackTeam "Extremadura (U14)"]
[WhiteTeamCountry "ESP"]
[BlackTeamCountry "ESP"]

1. e4 c5 2. Nf3 e6 3. d4 cxd4 4. Nxd4 Nc6 5. Nc3 Nf6 6. Nxc6 bxc6 7. e5 Nd5 8.
Ne4 f6 9. c4 Nb6 10. exf6 gxf6 11. Qh5+ Ke7 12. Be3 d6 13. O-O-O Qc7 14. Nxd6
Qxd6 15. Rxd6 Kxd6 16. c5+ Ke7 17. cxb6 axb6 18. Bxb6 Rxa2 19. Kb1 Ra8 20. Bc4
Rg8 21. Rd1 Bd7 22. Bc5+ Kd8 23. Rxd7+ Kxd7 24. Qf7+ Kc8 25. Bxe6+ 1-0

[Event "CE Selecciones Autonómicas U14"]
[Site "Padrón"]
[Date "2017.06.22"]
[Round "2.1"]
[White "Gomez Carreno, Martin"]
[Black "Quispe Arteaga, Gabriel"]
[Result "1/2-1/2"]
[WhiteElo "2051"]
[BlackElo "2294"]
[PlyCount "61"]
[EventDate "2017.06.22"]
[EventType ""]
[EventRounds "6"]
[EventCountry "ESP"]
[WhiteTeam "Galicia (U14)"]
[BlackTeam "Madrid (U14)"]
[WhiteTeamCountry "ESP"]
[BlackTeamCountry "ESP"]

1. d4 d5 2. c4 e6 3. Nc3 Be7 4. Nf3 Nf6 5. Bg5 h6 6. Bh4 O-O 7. e3 b6 8. cxd5
Nxd5 9. Bxe7 Qxe7 10. Nxd5 exd5 11. Rc1 Be6 12. Qa4 Rc8 13. Be2 c5 14. Qa3 Kf8
15. dxc5 bxc5 16. O-O Nd7 17. Rfd1 Rcb8 18. Rd2 Rb6 19. Qc3 Rab8 20. b3 Rc8 21.
Nd4 Nf6 22. Nxe6+ Rxe6 23. Bf3 Rd6 24. Qa5 Rdc6 25. Bxd5 Qd8 26. Qxd8+ Rxd8 27.
Bxc6 Rxd2 28. Kf1 Rxa2 29. Rxc5 Ng4 30. Rf5 Nxh2+ 31. Ke1 1/2-1/2

[Event "CE Selecciones Autonómicas U14"]
[Site "Padrón"]
[Date "2017.06.22"]
[Round "2.2"]
[White "Guillo Longares, Cecilia"]
[Black "Ferreno Sanmartin, Angel"]
[Result "1/2-1/2"]
[WhiteElo "2017"]
[BlackElo "1958"]
[PlyCount "82"]
[EventDate "2017.06.22"]
[EventType ""]
[EventRounds "6"]
[EventCountry "ESP"]
[WhiteTeam "Madrid (U14)"]
[BlackTeam "Galicia (U14)"]
[WhiteTeamCountry "ESP"]
[BlackTeamCountry "ESP"]

1. d4 Nf6 2. c4 g6 3. g3 Bg7 4. Bg2 O-O 5. Nf3 d6 6. O-O Nc6 7. Nc3 e5 8. e4
Bg4 9. Be3 exd4 10. Bxd4 Nxd4 11. Qxd4 Re8 12. Qd3 Nd7 13. Nd2 Nc5 14. Qc2 a5
15. Nb3 c6 16. h3 Be6 17. Nxc5 dxc5 18. Rad1 Qb6 19. b3 Rad8 20. f4 Qc7 21. Kh2
Rd4 22. Ne2 Rxd1 23. Rxd1 Rd8 24. Nc1 Rxd1 25. Qxd1 Qd7 26. Nd3 Qd4 27. e5 Bf5
28. Bf1 b5 29. Qc2 b4 30. Be2 f6 31. exf6 Bxf6 32. Qd1 Bxd3 33. Qxd3 Qf2+ 34.
Kh1 Bd4 35. Qd1 Qxg3 36. Qf1 Bf2 37. Qg2 Qxf4 38. Bf3 Qc1+ 39. Kh2 Qf4+ 40. Kh1
Bd4 41. Qf1 Qf6 1/2-1/2

[Event "CE Selecciones Autonómicas U14"]
[Site "Padrón"]
[Date "2017.06.22"]
[Round "2.3"]
[White "Quintas Fernandez, Marta"]
[Black "Barragan Arriaza, Pablo"]
[Result "1/2-1/2"]
[WhiteElo "1376"]
[BlackElo "1896"]
[PlyCount "46"]
[EventDate "2017.06.22"]
[EventType ""]
[EventRounds "6"]
[EventCountry "ESP"]
[WhiteTeam "Galicia (U14)"]
[BlackTeam "Madrid (U14)"]
[WhiteTeamCountry "ESP"]
[BlackTeamCountry "ESP"]

1. e4 d6 2. d4 Nf6 3. Nc3 g6 4. g3 Bg7 5. Bg2 O-O 6. Nge2 c6 7. a4 e5 8. O-O
Nbd7 9. h3 exd4 10. Nxd4 Nc5 11. Be3 Re8 12. f3 Qc7 13. Bf2 Bd7 14. Qd2 Rad8
15. Rfd1 Bc8 16. Qc1 d5 17. exd5 Nxd5 18. Nxd5 Rxd5 19. f4 Rd6 20. Kh2 Red8 21.
b4 Bxd4 22. bxc5 Bxc5 23. Rxd6 Qxd6 1/2-1/2

[Event "CE Selecciones Autonómicas U14"]
[Site "Padrón"]
[Date "2017.06.22"]
[Round "2.4"]
[White "Andrade Sandoval, Bianca"]
[Black "Fernandez Carneiro, Ana"]
[Result "1-0"]
[WhiteElo "1849"]
[BlackElo "1268"]
[PlyCount "75"]
[EventDate "2017.06.22"]
[EventType ""]
[EventRounds "6"]
[EventCountry "ESP"]
[WhiteTeam "Madrid (U14)"]
[BlackTeam "Galicia (U14)"]
[WhiteTeamCountry "ESP"]
[BlackTeamCountry "ESP"]

1. d4 d5 2. Nf3 Nf6 3. Bf4 c5 4. e3 Qb6 5. Nc3 a6 6. Na4 Qa5+ 7. c3 e6 8. dxc5
Nc6 9. Nb6 Ra7 10. Nxc8 Ra8 11. Nd6+ Bxd6 12. Bxd6 b6 13. cxb6 Qxb6 14. Qb3 Qd8
15. Ba3 Rb8 16. Qa4 Qb6 17. Qxa6 Qxa6 18. Bxa6 Nd7 19. Nd4 Nce5 20. Bb5 Rb7 21.
O-O Ng6 22. f4 e5 23. Bc6 Rb6 24. fxe5 Ngxe5 25. Bxd5 Nf6 26. Bb3 Ne4 27. Rad1
f6 28. Nf5 Rb7 29. Rd4 g6 30. Rfd1 Rd7 31. Ba4 Kd8 32. Bxd7 Nxd7 33. Rxd7+ Kc8
34. Ne7+ Kb8 35. R1d4 f5 36. Rb4+ Ka8 37. Nc6 Rc8 38. Ra7# 1-0

[Event "CE Selecciones Autonómicas U14"]
[Site "Padrón"]
[Date "2017.06.23"]
[Round "3.1"]
[White "Cuellar Montes, Alejandro"]
[Black "Perez Guerra, Raul"]
[Result "1-0"]
[WhiteElo "1942"]
[BlackElo "1951"]
[PlyCount "99"]
[EventDate "2017.06.22"]
[EventType ""]
[EventRounds "6"]
[EventCountry "ESP"]
[WhiteTeam "Andalucia (U14)"]
[BlackTeam "Canarias (U14)"]
[WhiteTeamCountry "ESP"]
[BlackTeamCountry "ESP"]

1. d4 d5 2. c4 e6 3. Nc3 Nf6 4. Nf3 Be7 5. Bg5 O-O 6. e3 Nbd7 7. cxd5 exd5 8.
Bd3 Re8 9. O-O Nf8 10. a3 c6 11. b4 Bg4 12. h3 Bh5 13. Bxf6 Bxf6 14. a4 Ne6 15.
Rc1 Be7 16. b5 Bd6 17. bxc6 bxc6 18. Be2 Qf6 19. a5 Kh8 20. Na4 Rac8 21. Rb1
Rg8 22. Nd2 Bxe2 23. Qxe2 g5 24. Qf3 Qg6 25. Nc5 f5 26. Nxe6 Qxe6 27. Rb7 Rcf8
28. Qh5 h6 29. Nf3 Rf6 30. Rfb1 Qe4 31. Ne5 Bxe5 32. dxe5 Rfg6 33. Rb8 Kh7 34.
R1b7+ R8g7 35. Rxg7+ Rxg7 36. Qe8 f4 37. Qh8+ Kg6 38. Re8 fxe3 39. Re6+ Kf5 40.
Rf6+ Kxe5 41. Qxg7 e2 42. Rf7+ Kd6 43. Qf8+ Ke5 44. f4+ Kd4 45. Qb4+ Kd3 46.
Qxe4+ dxe4 47. Kf2 gxf4 48. Rd7+ Kc4 49. Kxe2 Kb5 50. Rxa7 1-0

[Event "CE Selecciones Autonómicas U14"]
[Site "Padrón"]
[Date "2017.06.23"]
[Round "3.2"]
[White "Rodriguez Redondo, Adhara"]
[Black "Barrera Garcia, Rocio"]
[Result "1/2-1/2"]
[WhiteElo "1782"]
[BlackElo "1591"]
[PlyCount "92"]
[EventDate "2017.06.22"]
[EventType ""]
[EventRounds "6"]
[EventCountry "ESP"]
[WhiteTeam "Canarias (U14)"]
[BlackTeam "Andalucia (U14)"]
[WhiteTeamCountry "ESP"]
[BlackTeamCountry "ESP"]

1. e4 d5 2. exd5 Qxd5 3. Nc3 Qd8 4. d4 Nf6 5. h3 c6 6. Nf3 Bf5 7. Bc4 h6 8. O-O
e6 9. Bf4 Bd6 10. Be5 Bc7 11. Re1 O-O 12. Ne2 Nbd7 13. Bxc7 Qxc7 14. Ng3 Bh7
15. Bd3 Bxd3 16. Qxd3 Rfd8 17. c4 Nf8 18. Qc3 Rac8 19. Ne5 N8d7 20. Nxd7 Rxd7
21. Ne4 Nxe4 22. Rxe4 b5 23. c5 a5 24. a3 Rcd8 25. b4 a4 26. Rae1 Rd5 27. Rg4
Qd7 28. Qg3 Rg5 29. Rxg5 hxg5 30. Qxg5 Qxd4 31. Qg3 Qd2 32. Re4 Qd3 33. Qxd3
Rxd3 34. Re3 Rxe3 35. fxe3 f5 36. e4 Kf7 37. Kf2 Kf6 38. Ke3 Ke5 39. exf5 exf5
40. g3 g6 41. h4 Ke6 42. Kf4 Kf6 43. g4 fxg4 44. Kxg4 Kf7 45. Kg5 Kg7 46. Kg4
Kf7 1/2-1/2

[Event "CE Selecciones Autonómicas U14"]
[Site "Padrón"]
[Date "2017.06.23"]
[Round "3.3"]
[White "Castro Marquez, Andrea"]
[Black "Guillermo Gonzalez, Alvaro"]
[Result "0-1"]
[WhiteElo "1531"]
[BlackElo "1659"]
[PlyCount "128"]
[EventDate "2017.06.22"]
[EventType ""]
[EventRounds "6"]
[EventCountry "ESP"]
[WhiteTeam "Andalucia (U14)"]
[BlackTeam "Canarias (U14)"]
[WhiteTeamCountry "ESP"]
[BlackTeamCountry "ESP"]

1. d4 Nf6 2. c4 g6 3. Nf3 Bg7 4. Nc3 O-O 5. g3 d6 6. Bg2 c5 7. O-O Nc6 8. b3
cxd4 9. Nxd4 Nxd4 10. Qxd4 Ne4 11. Qxe4 Bxc3 12. Rb1 Bf5 13. Qf3 Bg7 14. e4 Bd7
15. Bb2 Qa5 16. Bxg7 Kxg7 17. Qe2 Rab8 18. Rfd1 Be6 19. f4 Qc5+ 20. Qf2 Rfc8
21. e5 dxe5 22. fxe5 b5 23. Bd5 Qxf2+ 24. Kxf2 Rb6 25. cxb5 Rc2+ 26. Kg1 Rxa2
27. Rbc1 Re2 28. Bxe6 Rxe6 29. Re1 R2xe5 30. Rxe5 Rxe5 31. Rc7 Kf6 32. Rc6+ Re6
33. Rc5 Rb6 34. Kf2 a6 35. bxa6 Rxa6 36. Ke3 Rb6 37. Rc3 Rb4 38. Kd2 Ke5 39.
Rd3 Rd4 40. Kc3 Rxd3+ 41. Kxd3 Kd5 42. h3 f5 43. Ke3 e5 44. Kd3 e4+ 45. Kc3 Kc5
46. b4+ Kb5 47. Kb3 g5 48. Kc3 f4 49. gxf4 gxf4 50. Kd4 f3 51. Ke3 Kxb4 52. Kd2
f2 53. Ke2 e3 54. Kf1 Kc3 55. Ke2 f1=Q+ 56. Kxf1 Kd2 57. Kg2 e2 58. Kf2 e1=Q+
59. Kg2 Qe5 60. Kf3 h5 61. Kg2 Qe3 62. h4 Ke2 63. Kh2 Kf2 64. Kh1 Qh3# 0-1